01399 a2200205 45000010006000000050017000060080041000230030015000640400040000790800031001192450049001500200018001992640039002173000019002565050754002750410008010291000028010377000029010658560099010944716420260407155740.0260407a1994 arg spa dAR-UNSa-BCEJYS aAR-UNSa-BCEJYSbspacAR-UNSa-BCEJYS a330xEconomía en general10aUn viaje por la economía de nuestro tiempo a950-9122-33-5 1aBarcelona :bEdiciones Arielc1994 a222 p.c23 cm. a1. La dinámica mayor - 2. La gran divisoria - 3. Las raíces del desorden - 4. Deuda, inflación y John Maynard Keynes - 5. La escena económica de entonces: una digresión - 6. Portentos - 7. La crisis económica - 8. La gran depresión - 9. La nueva política - 10. La revolución de John Maynard Keynes - 11. El mundo en general - 12. La Segunda Guerra - 13. Gran Bretaña y el otro lado - 14. La paz, I - 15. La paz, II - 16. Los años buenos - 17. Descolonización y desarrollo económico - 18. La iniciativa Kennedy - 19. La guerra contra la pobreza y la guerra - 20. Los años oscuros - 21. De la derrota a la victoria - 22. El logro de Reagan - 23. La gran implosión - 24. El milagro incierto - 25. El último capítulo -  aspa1 aGalbraith, John Kenneth1 aTapias trujillo, Ramón41uhttps://www.biblioeco.unsa.edu.ar/pmb/images/libros/L127412.jpgyImagen de portadaqimage/jpeg